Az osztenzív stimulusok szerepe a mesék átadásában és megértésében

Elmentve itt :
Bibliográfiai részletek
Szerző: Papp Melinda
Dokumentumtípus: Cikk
Megjelent: 2018
Sorozat:ANYANYELV-PEDAGÓGIA 11 No. 4
Tárgyszavak:
doi:10.21030/anyp.2018.4.2

mtmt:30461844
Online Access:http://publicatio.bibl.u-szeged.hu/27411
LEADER 00702nab a2200205 i 4500
001 publ27411
005 20230612111859.0
008 230612s2018 hu o 0|| Magyar d
022 |a 2060-0623 
024 7 |a 10.21030/anyp.2018.4.2  |2 doi 
024 7 |a 30461844  |2 mtmt 
040 |a SZTE Publicatio Repozitórium  |b hun 
041 |a Magyar 
100 1 |a Papp Melinda 
245 1 3 |a Az osztenzív stimulusok szerepe a mesék átadásában és megértésében  |h [elektronikus dokumentum] /  |c  Papp Melinda 
260 |c 2018 
300 |a 24-36 
490 0 |a ANYANYELV-PEDAGÓGIA  |v 11 No. 4 
650 4 |a Nyelvek és irodalom 
856 4 0 |u http://publicatio.bibl.u-szeged.hu/27411/1/Anyp_XI_2018_4_2.pdf  |z Dokumentum-elérés